000 00822cam a2200289u 4500
001 8250719
003 OSt
005 20140310182721.0
008 821215s1972 nyu 000 0 eng
010 _a 19016757
040 _aDLC
_cCarP
_dDLC
050 1 0 _aPE 1421
_b.St927 1972
082 _aM 808
_bSt8 1972
100 1 _aStrunk, William,
_d1869-1946.
245 1 4 _aThe elements of style /
_cStrunk, William Jr.; White, E.B.
250 _a2nd ed.
260 _aNew York :
_bMacmillan Publishing Co., Inc.
_cc1972.
300 _axiii, 78 p.
_c18 cm.
521 _aCollege Students
526 _c1210L-1700L
541 _j1
562 _e1
650 0 _aEnglish language
_xRhetoric.
650 0 _aEnglish language
_xStyle.
906 _a0
_bcbc
_cpremunv
_du
_encip
_f19
_gy-gencatlg
942 _2lcc
_cBK
_kM
999 _c15337
_d15337